सुदामा पांडेय (Record no. 1001659)

MARC details
000 -LEADER
fixed length control field 00388nam a2200133Ia 4500
008 - FIXED-LENGTH DATA ELEMENTS--GENERAL INFORMATION
fixed length control field 151001s9999||||xx |||||||||||||| ||und||
100 ## - MAIN ENTRY--PERSONAL NAME
Personal name अवधेश प्रधान
245 ## - TITLE STATEMENT
Title सुदामा पांडेय
250 ## - EDITION STATEMENT
Edition statement 1
260 ## - PUBLICATION, DISTRIBUTION, ETC. (IMPRINT)
Name of publisher, distributor, etc साहित्य अकादमी नई दिल्ली
260 ## - PUBLICATION, DISTRIBUTION, ETC. (IMPRINT)
Date of publication, distribution, etc २०१४
300 ## - PHYSICAL DESCRIPTION
Extent 98
365 ## - TRADE PRICE
Price amount 21

No items available.